Estadísticas para Países Europeos con Una Frontera

Haz click aquí para intentar la prueba.

Estadísticas generales

  • Esta prueba ha sido intentada 6.522 veces
  • La puntuación promedio es 6 de 7

Estadísticas de respuestas

País% Correcto
Portugal
94%
Irlanda
89%
Ciudad del Vaticano
85%
San Marino
84%
Dinamarca
79%
Reino Unido
78%
Mónaco
74%

Distribución de puntuación

Porcentaje por número respondido

Porcentaje de gente con cada puntuación

Historial de tus puntuaciones

No has intentado esta prueba.